[Event "European Rapid 2022"]
[Site "Katowice POL"]
[Date "2022.12.18"]
[Round "8.20"]
[White "Deac, Bogdan-Daniel"]
[Black "Maltsevskaya, Aleksandra"]
[Result "1/2-1/2"]
[WhiteTitle "GM"]
[BlackTitle "IM"]
[WhiteElo "2700"]
[BlackElo "2400"]
[WhiteFideId "1226380"]
[BlackFideId "24174041"]
[EventDate "2022.12.17"]

1. c4 e6 2. Nf3 d5 3. e3 Nf6 4. b3 Be7 5. Bb2 c5 6. cxd5 exd5 7. d4 cxd4 8. Nxd4
Bb4+ 9. Bc3 Nc6 10. Nxc6 Bxc3+ 11. Nxc3 bxc6 12. Rc1 O-O 13. Be2 Qd6 14. O-O Re8
15. Na4 Bf5 16. Qd4 Nd7 17. Rfd1 Qg6 18. Qf4 Re5 19. Nc5 Rae8 20. Qg3 Qf6 21.
Nd3 Bxd3 22. Bxd3 h6 23. Qf3 Qe7 24. Qf4 Re6 25. Qd4 Ne5 26. Be2 Rd8 27. Rc2 a5
28. Rc5 Ra8 29. Rdc1 Qb7 30. h3 Nd7 31. R5c3 a4 32. b4 Re4 33. Qd1 Rxb4 34. Rxc6
Nf6 35. Bf3 Rd8 36. g3 Qd7 37. Qd2 Rbb8 38. Kg2 d4 39. Rc7 dxe3 40. Qxe3 Qd4 41.
Qxd4 Rxd4 42. R1c2 a3 43. Rc8+ Rxc8 44. Rxc8+ Kh7 45. Rc3 Ra4 46. Rc7 Kg8 47.
Bd1 Rd4 48. Bb3 Nd7 49. Rc8+ Nf8 50. Ra8 g6 51. Rxa3 Nd7 52. Ra8+ Kg7 53. Ra7
Kf6 54. f4 g5 55. Kf3 gxf4 56. gxf4 Nc5 57. Bxf7 Rd3+ 58. Kg2 Rd2+ 59. Kg3 Rd3+
60. Kh4 Rd4 61. Kg4 Nd3 62. Kf3 Nxf4 63. Ke3 Rb4 64. a3 Ng2+ 65. Kf2 Rb2+ 66.
Kg3 Ne3 67. Bh5 Kg5 68. Bf7 Nf5+ 69. Kf3 Rh2 70. Ra5 Rxh3+ 71. Kg2 Re3 72. Kf2
Re7 73. Bc4 Kf4 74. Bd3 Nd6 75. Ra6 Re6 76. Ra4+ Ne4+ 77. Ke2 h5 78. Rxe4+ Rxe4+
79. Bxe4 Kxe4 80. Kf2 Kd4 1/2-1/2

[Event "European Rapid 2022"]
[Site "Katowice POL"]
[Date "2022.12.18"]
[Round "8.21"]
[White "Petrovskyi, Vadym"]
[Black "Donchenko, Alexander"]
[Result "1-0"]
[WhiteTitle "FM"]
[BlackTitle "GM"]
[WhiteElo "2402"]
[BlackElo "2636"]
[WhiteFideId "14165210"]
[BlackFideId "24603295"]
[EventDate "2022.12.17"]

1. e4 c6 2. d4 d5 3. Nc3 dxe4 4. Nxe4 Nf6 5. Nxf6+ exf6 6. c3 Bd6 7. Bd3 O-O 8.
Qc2 Re8+ 9. Ne2 h5 10. Be3 Nd7 11. O-O h4 12. h3 Nf8 13. Rad1 Bc7 14. Qd2 g5 15.
Rde1 Ng6 16. f4 Qe7 17. Kf2 Bd7 18. fxg5 fxg5 19. Bxg5 Qd6 20. Bxg6 fxg6 21. Bf4
Qf6 22. Kg1 Bxf4 23. Nxf4 Qg5 24. Rxe8+ Rxe8 25. Qf2 Rf8 26. Qf3 Rf5 27. Rf2 Kh7
28. Qe4 Rf7 29. Qe5 Bf5 30. Ne2 Re7 31. Qf4 Qxf4 32. Nxf4 g5 33. Ne2 Bd3 34. Kf1
Kh6 35. Ke1 g4 36. Kd2 g3 37. Nxg3 hxg3 38. Rf3 Bb1 39. a4 Rg7 40. Ke3 Ba2 41.
Kf4 a5 42. Rxg3 Rxg3 43. Kxg3 Bb3 44. Kf4 Bxa4 45. Ke5 Bb3 46. Kd6 Bd5 47. g3 b5
48. Kc5 Bg2 49. h4 Kh5 50. b3 Bd5 51. c4 bxc4 52. bxc4 Bf3 53. d5 Kg4 54. d6 1-0

[Event "European Rapid 2022"]
[Site "Katowice POL"]
[Date "2022.12.18"]
[Round "8.22"]
[White "Karolczuk, Iwo"]
[Black "Bartel, Mateusz"]
[Result "1/2-1/2"]
[WhiteTitle "FM"]
[BlackTitle "GM"]
[WhiteElo "2327"]
[BlackElo "2627"]
[WhiteFideId "21816972"]
[BlackFideId "1112635"]
[EventDate "2022.12.17"]

1. e4 e5 2. Nf3 Nc6 3. Bb5 a6 4. Ba4 Nf6 5. d3 d6 6. c4 Be7 7. h3 O-O 8. Nc3 Rb8
9. O-O Nd4 10. Nxd4 exd4 11. Ne2 c5 12. Bb3 b5 13. cxb5 axb5 14. a4 bxa4 15.
Rxa4 d5 16. e5 Ne8 17. f4 f5 18. exf6 Nxf6 19. Kh1 Qb6 20. Bc2 Bd7 21. Ra2 Rbe8
22. f5 Bd6 23. Bg5 Nh5 24. Kg1 Rxf5 25. Rxf5 Bxf5 26. g4 Bc7 27. gxh5 Qe6 28.
Bf4 Qxe2 29. Qxe2 Rxe2 30. Ra8+ Kf7 31. Ra7 Rxc2 32. Rxc7+ Ke8 33. b4 c4 34. b5
cxd3 35. Rxc2 dxc2 36. h4 Kd7 37. h6 gxh6 38. Bxh6 Kc7 39. Kf2 Kb6 40. Ke2 Kxb5
41. Kd2 Kc4 42. Kc1 Kd3 43. Bd2 Bg6 44. Bg5 Ke2 45. Bh6 Kf3 46. Kd2 Kg4 47. Bg5
Kh5 48. Bf6 d3 49. Bg5 h6 50. Bf4 Bf5 51. Kc1 d4 52. Bd2 Kg6 1/2-1/2

[Event "European Rapid 2022"]
[Site "Katowice POL"]
[Date "2022.12.18"]
[Round "8.23"]
[White "Mis, Mieszko"]
[Black "Piorun, Kacper"]
[Result "0-1"]
[WhiteTitle "FM"]
[BlackTitle "GM"]
[WhiteElo "2389"]
[BlackElo "2611"]
[WhiteFideId "1196448"]
[BlackFideId "1130420"]
[EventDate "2022.12.17"]

1. d4 Nf6 2. c4 g6 3. Nc3 Bg7 4. g3 O-O 5. Bg2 d6 6. Nf3 c6 7. O-O Bf5 8. Ne1
Qc8 9. e4 Bh3 10. f3 Na6 11. Be3 Bxg2 12. Kxg2 Nc7 13. Qd2 b5 14. cxb5 cxb5 15.
Nd3 Qb7 16. Rfc1 a5 17. Ne2 b4 18. d5 e6 19. dxe6 Nxe6 20. Ndf4 Rfd8 21. Rd1 a4
22. Rac1 b3 23. axb3 Qxb3 24. Nxe6 Qxe6 25. Nf4 Qb3 26. Rc3 Qb5 27. Bd4 Rab8 28.
Rd3 Rdc8 29. Bc3 Ne8 30. Rd5 Qb3 31. Rd3 Bxc3 32. bxc3 a3 33. Nd5 Kg7 34. Kh3
Qa4 35. Ra1 Rb2 36. Qe3 Qc2 37. Qd4+ f6 38. Qa7+ Kh8 39. Qf7 Qxh2+ 40. Kg4 Qh5+
41. Kf4 Qg5# 0-1

[Event "European Rapid 2022"]
[Site "Katowice POL"]
[Date "2022.12.18"]
[Round "8.24"]
[White "Kazakouski, Valery"]
[Black "Dobrovoljc, Vid"]
[Result "0-1"]
[WhiteTitle "GM"]
[BlackTitle "FM"]
[WhiteElo "2539"]
[BlackElo "2384"]
[WhiteFideId "13507443"]
[BlackFideId "14609843"]
[EventDate "2022.12.17"]

1. Nf3 Nf6 2. c4 e6 3. g3 d5 4. b3 Be7 5. Bg2 O-O 6. O-O b6 7. Nc3 c5 8. cxd5
exd5 9. d4 Nc6 10. Bb2 Ba6 11. dxc5 bxc5 12. Nh4 Nd4 13. Re1 Ne4 14. Nxe4 dxe4
15. Bxd4 cxd4 16. Nf5 Bb4 17. Bxe4 Bxe1 18. Bxa8 Bc3 19. Bf3 Bc8 20. Nh4 Bxa1
21. Qxa1 d3 22. Ng2 Re8 23. exd3 Qxd3 24. Ne3 Bh3 25. Bg2 Bxg2 26. Kxg2 Qe4+ 27.
Kg1 Rc8 28. h4 f5 29. Ng2 h6 30. Nf4 Rc7 31. Qd1 Kh7 32. h5 Rc2 33. a4 Rc3 34.
Kh2 Rc2 35. Kg1 a5 36. Qa1 Qc6 37. Nd3 Rd2 38. Ne1 Qc5 0-1

[Event "European Rapid 2022"]
[Site "Katowice POL"]
[Date "2022.12.18"]
[Round "8.25"]
[White "Stefansson, Hannes"]
[Black "Plaskan, Jure"]
[Result "1-0"]
[WhiteTitle "GM"]
[WhiteElo "2526"]
[BlackElo "2241"]
[WhiteFideId "2300087"]
[BlackFideId "14605252"]
[EventDate "2022.12.17"]

1. e4 c5 2. Nc3 a6 3. g3 Nc6 4. Bg2 g6 5. f4 Bg7 6. Nf3 d6 7. d3 Nf6 8. Be3 Rb8
9. O-O O-O 10. h3 Nd7 11. Qd2 b5 12. f5 b4 13. Nd1 Nd4 14. Bh6 Ne5 15. Nxe5 dxe5
16. Bxg7 Kxg7 17. Ne3 f6 18. c3 Nc6 19. Rac1 b3 20. axb3 Rxb3 21. h4 a5 22. Rf2
Ba6 23. Bf1 Rg8 24. g4 gxf5 25. Nxf5+ Kh8 26. Rg2 c4 27. Nh6 Rg7 28. Nf5 Rg6 29.
g5 cxd3 30. gxf6 Rxf6 31. Nh6 Rb8 32. Kh2 Qf8 33. Rg8+ Qxg8 34. Nxg8 Rxg8 35.
Bh3 Rf4 36. Qe3 Rgf8 37. Rg1 d2 38. Qg3 Rf2+ 39. Kh1 R2f7 40. Be6 d1=Q 41. Rxd1
Rf1+ 42. Rxf1 Rxf1+ 43. Kh2 Rf8 44. Bd5 Bb7 45. Bxc6 Bxc6 46. Qxe5+ Rf6 47. Qxe7 1-0

[Event "European Rapid 2022"]
[Site "Katowice POL"]
[Date "2022.12.18"]
[Round "8.26"]
[White "Saraci, Nderim"]
[Black "Malesevic, Nedeljko"]
[Result "1-0"]
[WhiteTitle "IM"]
[BlackTitle "FM"]
[WhiteElo "2468"]
[BlackElo "2226"]
[WhiteFideId "6351921"]
[BlackFideId "1703447"]
[EventDate "2022.12.17"]

1. d4 d5 2. Nf3 Nf6 3. Bf4 c6 4. e3 Qb6 5. Qc1 Bf5 6. Be2 h6 7. h3 e6 8. O-O Be7
9. c4 dxc4 10. Nbd2 O-O 11. Nxc4 Qd8 12. Rd1 Na6 13. a3 Nc7 14. Bh2 Ncd5 15. Ne1
Nb6 16. Na5 Qc8 17. Nd3 Nbd7 18. b4 Bd8 19. Nc4 Bc7 20. Bd6 b5 21. Bxf8 bxc4 22.
Qxc4 Bxd3 23. Bxd3 Kxf8 24. Rac1 Bd6 25. Qxc6 Qxc6 26. Rxc6 Ke7 27. e4 e5 28. f4
exd4 29. e5 Nxe5 30. fxe5 Bxe5 31. Re1 Kd7 32. Bb5 Bd6 33. Ra6+ Kc7 34. Rc1+ 1-0

[Event "European Rapid 2022"]
[Site "Katowice POL"]
[Date "2022.12.18"]
[Round "8.27"]
[White "Tisaj, Domen"]
[Black "Klekowski, Maciej"]
[Result "0-1"]
[WhiteTitle "FM"]
[BlackTitle "GM"]
[WhiteElo "2396"]
[BlackElo "2477"]
[WhiteFideId "14628708"]
[BlackFideId "1132717"]
[EventDate "2022.12.17"]

1. d4 Nf6 2. c4 e6 3. g3 c5 4. d5 exd5 5. cxd5 d6 6. Nc3 g6 7. Bg2 Bg7 8. Nf3
O-O 9. O-O a6 10. a4 Re8 11. Bf4 Qc7 12. Re1 Nbd7 13. Qc2 c4 14. Rad1 Nc5 15.
Nd4 Bd7 16. Bf3 h6 17. h4 Re7 18. Bc1 Rae8 19. Rf1 Bh3 20. Bg2 Qd7 21. b4 cxb3
22. Nxb3 Bxg2 23. Kxg2 Nxb3 24. Qxb3 Ne4 25. Nxe4 Rxe4 26. e3 Rxh4 27. gxh4 Qg4+
28. Kh2 Qxh4+ 29. Kg2 Qg4+ 0-1

[Event "European Rapid 2022"]
[Site "Katowice POL"]
[Date "2022.12.18"]
[Round "8.28"]
[White "Trybus, Daniel"]
[Black "Manik, Mikulas"]
[Result "0-1"]
[BlackTitle "GM"]
[WhiteElo "2258"]
[BlackElo "2359"]
[WhiteFideId "21816131"]
[BlackFideId "14900734"]
[EventDate "2022.12.17"]

1. e4 c5 2. Nf3 d6 3. d4 cxd4 4. Nxd4 Nf6 5. Nc3 Nc6 6. f3 e5 7. Nb3 Be6 8. Nd5
Bxd5 9. exd5 Nb4 10. c4 a5 11. Be3 Be7 12. Be2 O-O 13. Qd2 b6 14. Bd1 Nd7 15.
Nc1 f5 16. a3 Na6 17. b4 f4 18. Bf2 e4 19. fxe4 Ne5 20. Be2 Bg5 21. Qd1 axb4 22.
axb4 Nxb4 23. Rxa8 Qxa8 24. Qb3 f3 25. gxf3 Bxc1 26. O-O Qa2 27. Qxa2 Nxa2 28.
Bxb6 Nc3 29. Bd1 Nxc4 30. Bd4 Be3+ 0-1

[Event "European Rapid 2022"]
[Site "Katowice POL"]
[Date "2022.12.18"]
[Round "8.29"]
[White "D'Costa, Lorin"]
[Black "Niezhentsev, Kyrylo"]
[Result "1/2-1/2"]
[WhiteTitle "IM"]
[WhiteElo "2375"]
[BlackElo "2052"]
[WhiteFideId "409219"]
[BlackFideId "34126660"]
[EventDate "2022.12.17"]

1. Nf3 d5 2. d4 Bg4 3. c4 dxc4 4. Ne5 Bh5 5. Nc3 e6 6. g3 Nf6 7. Bg2 c6 8. O-O
Nbd7 9. Nxc4 Be7 10. b3 O-O 11. Bb2 a5 12. a3 Nd5 13. Qd2 b5 14. Ne3 N7f6 15.
Nc2 a4 16. bxa4 Nxc3 17. Bxc3 Rxa4 18. Bxc6 Rc4 19. Bxb5 Ne4 20. Bxc4 Nxd2 21.
Bxd2 Bg6 22. Rfc1 Bxc2 23. Rxc2 Qxd4 24. Raa2 Rb8 25. Bb4 Bf6 26. Bd3 Qd5 27.
Bc4 Qd4 28. Bd3 Qd5 29. Bc4 Qd4 30. Bd3 1/2-1/2

[Event "European Rapid 2022"]
[Site "Katowice POL"]
[Date "2022.12.18"]
[Round "8.30"]
[White "Kacprzak, Kacper"]
[Black "Szpar, Milosz"]
[Result "1/2-1/2"]
[BlackTitle "IM"]
[WhiteElo "2289"]
[BlackElo "2428"]
[WhiteFideId "21819319"]
[BlackFideId "1184989"]
[EventDate "2022.12.17"]

1. e4 c5 2. Nf3 Nc6 3. d4 cxd4 4. Nxd4 Qb6 5. Nb3 Nf6 6. Nc3 e6 7. a3 Be7 8. Bf4
O-O 9. e5 Ne8 10. Bd3 Qd8 11. Qh5 g6 12. Qe2 f6 13. Bh6 Ng7 14. exf6 Bxf6 15. h4
Bxh4 16. g3 Bf6 17. O-O-O Bxc3 18. bxc3 Qf6 19. f4 Qxc3 20. Qh2 Rf7 21. g4 Na5
22. Nxa5 Qxa3+ 23. Kb1 Qxa5 24. Bg5 Qb6+ 25. Kc1 Qe3+ 26. Kb1 Qb6+ 27. Kc1 Qe3+
28. Kb1 1/2-1/2

[Event "European Rapid 2022"]
[Site "Katowice POL"]
[Date "2022.12.18"]
[Round "8.31"]
[White "Gretarsson, Helgi Ass"]
[Black "Bazakutsa, Svyatoslav"]
[Result "1-0"]
[WhiteTitle "GM"]
[WhiteElo "2451"]
[BlackElo "2318"]
[WhiteFideId "2300699"]
[BlackFideId "14198525"]
[EventDate "2022.12.17"]

1. c4 Nf6 2. Nc3 g6 3. e4 d6 4. d4 Bg7 5. f4 O-O 6. Nf3 c5 7. dxc5 Na6 8. cxd6
exd6 9. Bd3 Qb6 10. Na4 Qc6 11. Nd4 Qe8 12. O-O Nxe4 13. Nb5 Nb4 14. Bb1 Qc6 15.
Bxe4 Qxe4 16. Nxd6 Qd3 17. Qxd3 Nxd3 18. Rd1 Nb4 19. Bd2 Bd4+ 20. Kh1 Nc2 21.
Rac1 Bg4 22. Rf1 Be2 23. Rg1 Bxg1 24. Kxg1 Rfd8 25. c5 b6 26. Rxc2 Bd1 27. Rc4
b5 28. Rd4 bxa4 29. Ba5 Rxd6 30. cxd6 Bg4 31. d7 Bxd7 32. Rxd7 a6 33. Rd8+ Rxd8
34. Bxd8 f5 35. Kf2 Kf7 36. Ke3 Ke6 37. Kd4 1-0

[Event "European Rapid 2022"]
[Site "Katowice POL"]
[Date "2022.12.18"]
[Round "8.32"]
[White "Janeczko, Jakub"]
[Black "Alexakis, Dimitris"]
[Result "0-1"]
[BlackTitle "IM"]
[WhiteElo "2247"]
[BlackElo "2486"]
[WhiteFideId "21871655"]
[BlackFideId "4277023"]
[EventDate "2022.12.17"]

1. e4 c5 2. d3 Nc6 3. g3 g6 4. Bg2 Bg7 5. f4 d6 6. Nf3 e6 7. O-O Nge7 8. c3 O-O
9. Be3 b6 10. Na3 Ba6 11. Nc2 Qd7 12. Bf2 f5 13. exf5 Nxf5 14. Qd2 e5 15. fxe5
dxe5 16. Ng5 Rad8 17. Ne3 h6 18. Bd5+ Kh8 19. Ne6 Nxe3 20. Bxe3 Rxf1+ 21. Rxf1
Qxd5 22. Nxg7 Kxg7 23. Bxh6+ Kg8 24. Qg5 Qxd3 25. Rf6 Qb1+ 26. Kg2 Qe4+ 27. Kh3
Bc8+ 28. g4 Rd3+ 29. Kh4 Qe1+ 0-1

[Event "European Rapid 2022"]
[Site "Katowice POL"]
[Date "2022.12.18"]
[Round "8.33"]
[White "Kosteniuk, Alexandra"]
[Black "Vedrickas, Tautvydas"]
[Result "1-0"]
[WhiteTitle "GM"]
[BlackTitle "FM"]
[WhiteElo "2520"]
[BlackElo "2358"]
[WhiteFideId "4128125"]
[BlackFideId "12802654"]
[EventDate "2022.12.17"]

1. e4 g6 2. d4 Bg7 3. Nc3 d6 4. Be3 Nd7 5. Nf3 a6 6. a4 b6 7. Bc4 e6 8. h4 h6 9.
Ne2 Bb7 10. Bd3 Ngf6 11. Ng3 Ng4 12. Bd2 h5 13. Bg5 f6 14. Bd2 O-O 15. c3 Qe7
16. Qb3 Kh8 17. Ng1 c5 18. f3 Nh6 19. N1e2 e5 20. d5 Nf7 21. Nf1 f5 22. exf5 e4
23. Bxe4 gxf5 24. Bxf5 Nfe5 25. Be4 c4 26. Qc2 Nc5 27. Bg5 Ned3+ 28. Bxd3 Nxd3+
29. Qxd3 cxd3 30. Bxe7 Rae8 31. Bxf8 Rxe2+ 32. Kd1 Bxf8 33. c4 Bh6 34. Ra3 Rxb2
35. Rxd3 b5 36. axb5 axb5 37. cxb5 Rxb5 38. Nd2 Rb2 39. Re1 Ba6 40. Rd4 Bg7 41.
Ra4 Bb5 42. Ra8+ Kh7 43. Ra7 Kg6 44. Re6+ 1-0

[Event "European Rapid 2022"]
[Site "Katowice POL"]
[Date "2022.12.18"]
[Round "8.34"]
[White "Oleksiyenko, Mykhaylo"]
[Black "Kacprzak, Karol"]
[Result "1-0"]
[WhiteTitle "GM"]
[WhiteElo "2594"]
[BlackElo "2226"]
[WhiteFideId "4152417"]
[BlackFideId "21819327"]
[EventDate "2022.12.17"]

1. e4 c5 2. Nf3 d6 3. d4 cxd4 4. Nxd4 Nf6 5. Nc3 a6 6. a4 e6 7. Be2 Be7 8. a5
Nc6 9. Nxc6 bxc6 10. Qd3 Nd7 11. O-O O-O 12. Qg3 d5 13. Rd1 Rb8 14. b3 Bb7 15.
Bf4 Rc8 16. Bd6 Re8 17. Bxe7 Qxe7 18. Na4 c5 19. exd5 exd5 20. Bg4 Rcd8 21. h3
Nf6 22. Bf3 c4 23. Qf4 Qb4 24. bxc4 Qxa5 25. Rdb1 Ba8 26. Nb6 Qc3 27. Nxa8 Rxa8
28. cxd5 Qxc2 29. Rc1 Qb2 30. Rab1 Qe5 31. Qxe5 Rxe5 32. Rc7 Rd8 33. Rbb7 Nxd5
34. Rxf7 Rg5 35. h4 Rg6 36. Be4 Rg4 37. Bf5 Rxh4 38. Be6 1-0

[Event "European Rapid 2022"]
[Site "Katowice POL"]
[Date "2022.12.18"]
[Round "8.35"]
[White "Moroni, Luca Jr"]
[Black "Marn, Jan"]
[Result "1-0"]
[WhiteTitle "GM"]
[BlackTitle "FM"]
[WhiteElo "2576"]
[BlackElo "2332"]
[WhiteFideId "865834"]
[BlackFideId "14619245"]
[EventDate "2022.12.17"]

1. d4 Nf6 2. Nf3 d5 3. c3 e6 4. Bf4 Bd6 5. e3 c5 6. dxc5 Bxc5 7. Nbd2 O-O 8. Bd3
Nc6 9. O-O Re8 10. e4 e5 11. Bg5 Be7 12. Bxf6 Bxf6 13. exd5 Qxd5 14. Ne4 Rd8 15.
Nxf6+ gxf6 16. Bc2 Qxd1 17. Rfxd1 Bg4 18. Be4 Rxd1+ 19. Rxd1 Ne7 20. h3 Be6 21.
a3 f5 22. Bc2 f6 23. Rd6 Kf7 24. Nd2 Nc6 25. Nf1 Rd8 26. Rxd8 Nxd8 27. g3 h6 28.
f4 Nc6 29. Ne3 Ne7 30. Kf2 Ke8 31. b4 Kd7 32. c4 b6 33. Bd3 Kd6 34. Ke1 a5 35.
Kd2 axb4 36. axb4 Nc6 37. Bxf5 Nxb4 38. Bxe6 Kxe6 39. f5+ Kf7 40. Kc3 Nc6 41. g4
Ne7 42. Kb4 Nc8 43. Kb5 Kg7 44. Kc6 h5 45. Kc7 hxg4 46. hxg4 Ne7 47. Kxb6 Kh6
48. c5 Kg5 49. c6 Kf4 50. c7 e4 51. Kb7 Kxe3 52. g5 Nxf5 53. gxf6 Ke2 54. Kc6 1-0

[Event "European Rapid 2022"]
[Site "Katowice POL"]
[Date "2022.12.18"]
[Round "8.36"]
[White "Mikhalchishin, Adrian"]
[Black "Castiglione, Mario"]
[Result "1-0"]
[WhiteTitle "GM"]
[WhiteElo "2455"]
[BlackElo "2247"]
[WhiteFideId "14602385"]
[BlackFideId "14901641"]
[EventDate "2022.12.17"]

1. d4 Nf6 2. Nf3 d6 3. c4 Bg4 4. Nc3 Bxf3 5. exf3 e6 6. d5 e5 7. f4 Nbd7 8. Be2
g6 9. O-O Bg7 10. fxe5 Nxe5 11. Be3 O-O 12. c5 dxc5 13. Bxc5 Re8 14. Bb5 Nfd7
15. Bd4 a6 16. Be2 b5 17. f4 Nc4 18. Bxc4 bxc4 19. Bxg7 Kxg7 20. Qd4+ Qf6 21.
Qxc4 Qb6+ 22. Rf2 Nf6 23. h3 Re3 24. Raf1 Rae8 25. Kh2 Qd6 26. Qd4 c5 27. Qd2 c4
28. Rf3 Qc5 29. Rxe3 Rxe3 30. Qf2 Qd4 31. d6 Kf8 32. Kg1 Ne4 33. Nxe4 Qxe4 34.
Rd1 Ke8 35. d7+ Kd8 36. Qh4+ Qe7 37. Qxh7 Rd3 38. Qh8+ Kxd7 39. Rxd3+ cxd3 40.
Qd4+ Ke8 41. Qxd3 Qc5+ 42. Kh2 Qb4 43. Qe2+ Kf8 44. Qe5 Qc4 45. a3 Qb3 46. Qh8+
Ke7 47. Qc3 Qa2 48. b4 Ke6 49. Qe3+ Kd5 50. Qd3+ Ke6 51. Qxa6+ Kf5 52. Qd6 f6
53. b5 Qb2 54. b6 Ke4 55. Qb4+ 1-0

[Event "European Rapid 2022"]
[Site "Katowice POL"]
[Date "2022.12.18"]
[Round "8.37"]
[White "Cherniaiev, Tykhon"]
[Black "Keinanen, Toivo"]
[Result "0-1"]
[WhiteTitle "FM"]
[BlackTitle "IM"]
[WhiteElo "2330"]
[BlackElo "2508"]
[WhiteFideId "14182360"]
[BlackFideId "509825"]
[EventDate "2022.12.17"]

1. Nf3 d5 2. d4 Nf6 3. c4 e6 4. Nc3 Be7 5. Bg5 h6 6. Bh4 dxc4 7. e3 c5 8. dxc5
Qxd1+ 9. Rxd1 Nbd7 10. Bxc4 Nxc5 11. O-O a6 12. b4 Ncd7 13. a3 b5 14. Be2 Bb7
15. Nd4 Rc8 16. Rc1 O-O 17. Bg3 Nb6 18. Nb3 Rfd8 19. Nb1 Na4 20. Rxc8 Rxc8 21.
Rc1 Rxc1+ 22. Nxc1 Kf8 23. f3 Ke8 24. e4 Nd7 25. Nb3 Bf6 26. Be1 Ndb6 27. Kf1
Be5 28. h3 f5 29. exf5 exf5 30. Bd3 f4 31. Bf2 Ke7 32. Nc5 Bc8 33. Be2 g5 34. h4
Kf6 35. hxg5+ hxg5 36. Ne4+ Kg6 37. Nc5 Bf5 38. Nd2 Nxc5 39. bxc5 Nd5 40. Nb3
Kf6 41. c6 Ke7 42. Bc5+ Bd6 43. Bd4 Bxa3 44. Nc5 Nc7 45. Nxa6 Nxa6 46. Bxb5 Nc7
47. Be2 Ne6 48. Be5 Bd6 49. Bc3 Nc5 50. Kf2 Nd3+ 51. Kf1 Ke6 52. Ba5 Nc5 53. Bd8
Be7 54. c7 Kf6 55. Kf2 Nb7 56. g4 fxg3+ 57. Kxg3 Nxd8 58. f4 gxf4+ 59. Kf3 Ne6
60. Bc4 Nxc7 61. Kxf4 Ne6+ 62. Kf3 Ke5 63. Ke3 Ng5 64. Bd3 Bc5+ 65. Kd2 Bg4 66.
Kc3 Ne4+ 67. Kc4 Bd4 68. Kb4 Be6 69. Bc2 Bd5 70. Bd3 Bc5+ 71. Kb5 Kd4 72. Bc2
Nd6+ 73. Ka5 Bc4 74. Bb1 Bb5 75. Bc2 Kd5 76. Bg6 Bd7 77. Bh5 Nc4+ 78. Ka6 Kc6
79. Be8 Ne5 80. Bh5 Bb4 81. Be2 Bc8+ 82. Ka7 Kc7 83. Ba6 Bxa6 84. Kxa6 Kc6 85.
Ka7 Nd7 86. Ka8 Bd6 87. Ka7 Nb6 88. Ka6 Nd5 89. Ka7 Bc7 90. Ka8 Be5 91. Ka7 Nc7
92. Kb8 Bd4 93. Kc8 Ba7 94. Kd8 Nd5 95. Ke8 Kd6 96. Kf7 Ne7 97. Kf6 Be3 98. Kf7
Bg5 99. Kg7 Ke6 100. Kf8 Nf5 101. Ke8 Bf6 102. Kf8 Be7+ 103. Kg8 Kf6 104. Kh7
Kf7 105. Kh8 Bg5 106. Kh7 Ne7 107. Kh8 Ng6+ 108. Kh7 Nf8+ 109. Kh8 Bf6# 0-1

[Event "European Rapid 2022"]
[Site "Katowice POL"]
[Date "2022.12.18"]
[Round "8.38"]
[White "Sebenik, Matej"]
[Black "Grabarczyk, Miroslaw"]
[Result "1-0"]
[WhiteTitle "GM"]
[BlackTitle "GM"]
[WhiteElo "2538"]
[BlackElo "2337"]
[WhiteFideId "14602296"]
[BlackFideId "1101684"]
[EventDate "2022.12.17"]

1. d4 Nf6 2. Nf3 d5 3. c4 e6 4. g3 Bb4+ 5. Nbd2 Nc6 6. Bg2 dxc4 7. O-O Bxd2 8.
Qxd2 Rb8 9. Qc2 Nxd4 10. Nxd4 Qxd4 11. Be3 Qe5 12. Qxc4 O-O 13. Bxa7 Ra8 14. Bd4
Qa5 15. b4 Qa4 16. Qxc7 Nd5 17. Bxd5 exd5 18. Qe5 f6 19. Qxd5+ Kh8 20. Bc5 Re8
21. Rfe1 Qb5 22. Qd2 Bd7 23. f3 Bc6 24. a4 Rxa4 25. Rxa4 Qxa4 26. Kf2 Qb3 27. g4
h6 28. h4 Qc4 29. Be3 Kh7 30. Rc1 Qe6 31. Bf4 Bb5 32. e4 Ra8 33. Kg3 Bc4 34. b5
Bxb5 35. Rc7 Rc8 36. Rxb7 Bc6 37. Ra7 Ra8 38. Rxa8 Bxa8 39. g5 hxg5 40. hxg5 f5
41. Qa5 Bc6 42. exf5 Qe2 43. g6+ Kh8 44. Qd8+ Qe8 45. Qh4+ Kg8 46. Qh7+ 1-0

[Event "European Rapid 2022"]
[Site "Katowice POL"]
[Date "2022.12.18"]
[Round "8.39"]
[White "Dvirnyy, Danyyil"]
[Black "Kubicka, Anna"]
[Result "1-0"]
[WhiteTitle "GM"]
[BlackTitle "WIM"]
[WhiteElo "2530"]
[BlackElo "2217"]
[WhiteFideId "817570"]
[BlackFideId "1152254"]
[EventDate "2022.12.17"]

1. d4 Nf6 2. c4 e6 3. Nf3 d5 4. Nc3 Bb4 5. Qa4+ Nc6 6. a3 Bxc3+ 7. bxc3 Ne4 8.
e3 O-O 9. Bd3 Bd7 10. Qc2 Na5 11. cxd5 exd5 12. c4 c6 13. O-O Bf5 14. c5 Rc8 15.
Ne5 f6 16. Nf3 Bg6 17. Nh4 f5 18. Nxg6 hxg6 19. f3 Nf6 20. Bd2 b5 21. a4 Nc4 22.
axb5 cxb5 23. Rxa7 Rc7 24. Ba5 Nxa5 25. Rxa5 Re7 26. Rxb5 Rxe3 27. c6 Ne8 28.
Rxd5 Qf6 29. Rd7 Nd6 30. Qa2+ Kh7 31. Qd5 Nc8 32. Qb5 Rfe8 33. Rd1 Re1+ 34. Rxe1
Rxe1+ 35. Kf2 Re8 36. g3 Qe6 37. Kg2 Nd6 38. Qb2 Nc4 39. d5 Nxb2 40. dxe6 Nxd3
41. c7 Nc5 42. Rd8 Nxe6 43. Rxe8 Nxc7 44. Rb8 Nd5 45. h4 Nf6 46. Kf2 Nd7 47. Rd8
Ne5 48. Ke3 Nf7 49. Rf8 Nh6 50. Kf4 Ng8 51. Ke5 Ne7 52. Ke6 Nc6 53. Kd5 Nb4+ 54.
Kc4 Nc6 55. Re8 Na5+ 56. Kd5 Nb3 57. Re2 Nc1 58. Rd2 Nb3 59. Rd1 Kh6 60. Kc4
Na5+ 61. Kb5 1-0

[Event "European Rapid 2022"]
[Site "Katowice POL"]
[Date "2022.12.18"]
[Round "8.40"]
[White "Povilaitis, Tomas"]
[Black "Tazbir, Marcin"]
[Result "1-0"]
[BlackTitle "GM"]
[WhiteElo "2038"]
[BlackElo "2508"]
[WhiteFideId "12811700"]
[BlackFideId "1122452"]
[EventDate "2022.12.17"]

1. e4 c5 2. Nc3 Nc6 3. Bb5 Nd4 4. Bc4 e6 5. Nge2 Nf6 6. d3 a6 7. O-O b5 8. Bb3
Nxb3 9. axb3 b4 10. Nb1 d5 11. e5 Nd7 12. f4 Be7 13. Qe1 Bh4 14. Ng3 O-O 15. Nd2
g6 16. Qe2 Bb7 17. Qg4 Be7 18. Nf3 Kh8 19. h4 f5 20. exf6 Rxf6 21. Ng5 Qg8 22.
Re1 Nf8 23. Be3 h6 24. Nf3 h5 25. Qh3 d4 26. Bd2 Bxf3 27. gxf3 Qf7 28. Kh1 a5
29. Rg1 e5 30. f5 Qd5 31. Ne4 Rxf5 32. Rxg6 Qf7 33. Rg3 Nh7 34. Bh6 Bf8 35. Nd6
Bxd6 36. Bg7+ 1-0

[Event "European Rapid 2022"]
[Site "Katowice POL"]
[Date "2022.12.18"]
[Round "8.41"]
[White "Schneider, Ilja"]
[Black "Budrewicz, Krzysztof"]
[Result "1-0"]
[WhiteTitle "IM"]
[WhiteElo "2483"]
[BlackElo "2184"]
[WhiteFideId "4663306"]
[BlackFideId "1127950"]
[EventDate "2022.12.17"]

1. d4 g6 2. e4 Bg7 3. Nc3 d6 4. Nf3 a6 5. Bg5 b5 6. a4 b4 7. Nd5 h6 8. Bh4 g5 9.
Bg3 Nc6 10. c3 Rb8 11. Bc4 e6 12. Ne3 Nf6 13. Qd3 a5 14. Bb5 Bd7 15. e5 dxe5 16.
Nxe5 Nxe5 17. Bxe5 O-O 18. h4 gxh4 19. Rxh4 bxc3 20. bxc3 Bxb5 21. axb5 Nh7 22.
Rg4 f6 23. Bf4 f5 24. Rg3 Ng5 25. Qc4 Qd7 26. Rxa5 Ne4 27. Rg6 Kf7 28. Rxg7+
Kxg7 29. Ra7 Rf7 30. Rxc7 Qxb5 31. Rxf7+ Kxf7 32. Qc7+ Kg6 33. Qxb8 Qd3 34. Qe8+
Kf6 35. Be5+ Kg5 36. Qg8+ Kh5 37. g4+ Kh4 38. Ng2+ 1-0